|
|
|
|
| LEADER |
00000naa2a2200000 4500 |
| 001 |
259371 |
| 005 |
20231031220627.0 |
| 035 |
|
|
|a (RuTPU)RU\TPU\book\282313
|
| 035 |
|
|
|a RU\TPU\book\282295
|
| 090 |
|
|
|a 259371
|
| 100 |
|
|
|a 20140508d2012 k y0rusy50 ca
|
| 101 |
0 |
|
|a rus
|
| 102 |
|
|
|a RU
|
| 200 |
1 |
|
|a Почвы, как индикатор состояния городской среды г. Тюмени
|f А. Г. Берсенева, Л. Н. Скипин, Ю. И. Розелиус
|
| 225 |
1 |
|
|a Источники поступления тяжелых металлов и радионуклидов в природные компоненты, экологическое нормирование их нагрузок и организация мониторинга среды обитания
|
| 320 |
|
|
|a Библиогр.: с. 45 (6 назв.)
|
| 461 |
|
1 |
|0 (RuTPU)RU\TPU\book\270768
|y 978-601-7332-72-3
|t Тяжелые металлы и радионуклиды в окружающей среде
|o материалы VII Международной научно-практической конференции, 4-8 октября 2012 г., г. Семипалатинск (Семей)
|f Семипалатинский государственный педагогический институт ; Российская академия наук (РАН), Институт геохимии и аналитической химии (ГЕОХИ) ; Московский государственный университет им. М. В. Ломоносова (МГУ) ; Национальный исследовательский Томский политехнический университет (ТПУ) ; Российская академия наук (РАН), Сибирское отделение (СО), Институт почвоведения и агрохимии (ИПА) ; под ред. М. А. Бектемесова
|d 2012
|
| 463 |
|
1 |
|0 (RuTPU)RU\TPU\book\269462
|t Т. 2
|v С. 40-45
|d 2012
|p 713 с.
|
| 610 |
1 |
|
|a почва
|
| 610 |
1 |
|
|a индикаторы
|
| 610 |
1 |
|
|a городская среда
|
| 610 |
1 |
|
|a экологическое состояние
|
| 610 |
1 |
|
|a города
|
| 610 |
1 |
|
|a Тюмень
|
| 610 |
1 |
|
|a радионуклиды
|
| 610 |
1 |
|
|a тяжелые металлы
|
| 700 |
|
1 |
|a Берсенева
|b А. Г.
|
| 701 |
|
1 |
|a Скипин
|b Л. Н.
|
| 701 |
|
1 |
|a Розелиус
|b Ю. И.
|
| 801 |
|
1 |
|a RU
|b 63413507
|c 20140507
|
| 801 |
|
2 |
|a RU
|b 63413507
|c 20150219
|g RCR
|
| 942 |
|
|
|c BK
|